| 000 | 00945nam a2200253 i 4500 | ||
|---|---|---|---|
| 001 | 63416 | ||
| 005 | 20180714065835.0 | ||
| 008 | 150828s2012 mx o r 000 0 spa d | ||
| 020 | _a9786079553654 | ||
| 040 |
_aMX-PuUPA _bspa _erda _cMx-PuUPA _dMx-PuUPA |
||
| 041 | 0 | _aspa | |
| 082 | 0 |
_a972.004924 _bGOJ |
|
| 100 | 1 |
_aBackal, Alicia G. de _q(Alicia Gojman) _eautor |
|
| 245 | 1 | 0 |
_aJacobo Granat : _buna vida de contradicciones entre la comunidad y el cine / _cAlicia Gojman de Backal ; epílogo Luis Grant. |
| 250 |
_aPrimera edición / _boctubre |
||
| 264 | 1 |
_aMéxico, D.F. : _bComunidad Ashkenazí de México, _c2012 |
|
| 300 |
_a172 páginas : _bfotografías (en blanco y negro) ; _c23 cm. |
||
| 336 |
_atexto _2rdacontent |
||
| 337 |
_asin mediación _2rdamedia |
||
| 338 |
_avolumen _2rdacarrier |
||
| 600 | 1 | 4 | _aGranat, Jacob, 1871-1945? |
| 650 | 4 |
_aJudios _zMéxico _xBiografía |
|
| 700 | 1 |
_aGranat, Luis, _ecolaborador |
|
| 999 |
_c63416 _d63416 |
||